Quick Pick: Countries of Tennis Champions (M) Quiz Stats

 Plays Quiz Updated Oct 25, 2019

Score 0/15 Timer 01:30
12 Plays Today
% Correct
United Kingdom
90.1%
United States
89.2%
Spain
88.9%
Sweden
88.2%
Germany
86.2%
Switzerland
85.6%
Russia
85.3%
Australia
82.4%
% Correct
Serbia
80%
Argentina
77.1%
Croatia
73%
Romania
72.3%
France
70.7%
Austria
61.7%
Brazil
59.1%

Today's Daily Dose

You're not logged in!

Compare scores with friends on all Sporcle quizzes.
OR
Log In

Sporcle TV

Today on Sporcle TV


Watch our educational content, quiz creation guides, and fun videos on Sporcle TV.

Show Comments

Extras

Top Quizzes Today


Score Distribution

Your Account Isn't Verified!

In order to create a playlist on Sporcle, you need to verify the email address you used during registration. Go to your Sporcle Settings to finish the process.

Report this User

Report this user for behavior that violates our Community Guidelines.

Details: